| 000 | 00673nam a2200181 a 4500 | ||
|---|---|---|---|
| 005 | 20140412111235.0 | ||
| 008 | 001120s19uu xx 00 eng d | ||
| 020 | _a1-85270-003-3 | ||
| 050 |
_aTR(GS 372.7 _bMER 1987 |
||
| 100 | _aMertens, Rtuh | ||
| 245 |
_aNumbers time and money : _ba practice workbook on subtraction, time, money and measurement / _cRuth Mertens ; illustrated by Alan Snow. |
||
| 260 |
_aLondon : _bOctopus Pub. Group Inc, _c1987. |
||
| 300 | _a23 p. ; col. ; ill. | ||
| 440 | _aThe Parent and Child Programme | ||
| 650 | _aMathematics -- study and teaching -- parent participation | ||
| 650 | _aEducation -- Parent participation | ||
| 999 |
_c102397 _d102397 |
||